000 00370cam a22001097a 4500
008 180718b1957 xxu||||| |||| 00| 0 eng d
082 _aP26x42 Un3
245 _aReport of the working party on educational maintenance allowances
_cby Ministry of Education
260 _aLondon
_bHer Majesty's Stationery Office
_c1957
300 _a23p.
700 _aU.K. Ministry of Education
999 _c414713
_d414713